Ciekawostki o Nysach (autach) - wielokrotny wybór - Statystyki

Ogólne statystyki
  • Ten quiz został rozwiązany 17 razy
  • Średni wynik to 8 z 15
Statystyki odpowiedzi
Zagadnienie Odpowiedź % Poprawnych
Jak nazywała się Nysa przystosowana do przewozu 10 osób (wliczając kierowcę)? Mikrobus
85%
Jaki silnik napędzał większość Nys? S21
77%
Czym charakteryzowała się wersja Nysa "Towos"? Była to wersja towarowo-osobowa
69%
Ile biegów miała standardowa skrzynia biegów w większości modeli Nysy? 3 biegowa
62%
Jaki był pierwszy model nysy? N57
62%
W jakim obiekcie przed wojną mieściły się budynki, w których później produkowano Nysy? fabryce mebli stalowych.
54%
Do jakiego kraju eksportowano tak dużą liczbę Nys? Węgry
54%
W którym roku zaczęto produkować nysy? 1959
46%
Czy produkowano Nysy w wersji z otwartą skrzynią ładunkową (pick-up/rolnik)? Tak
46%
Czy Nysa była spokrewniona z innym popularnym polskim autem? Z Warszawą
46%
Jakie było standardowe zużycie paliwa Nysy 522 z silnikiem S-21 na 100 km? 14-15 litrów
38%
Jakie były najpopularniejsze wersje Nys z podnych? TOWOS (towarowo-osobowy)
38%
W którym roku z taśmy montażowej zjechała ostatnia Nysa? 3 lutego 1994 roku.
31%
Jak nazywała się rzadka wersja Nysy przeznaczona do transportu żywności w niskich temperaturach? Nysa Izoterma
31%
Jaką charakterystyczną nazwę nosiła wersja Nysy przeznaczona do przewozu filmów i ekipy kinowej? Propagandowej
31%
Nie znaleziono quizów pasujących do podanych kryteriów
Rozkład punktacji
Procent ludzi z każdym wynikiem
Percentyl według liczby udzielonych odpowiedzi
Twoja historia wyników
Nie rozwiązałeś tego quizu